000 00709nam a2200181 a 4500
005 20210219160347.0
008 081020s1994 mx r 000 0 spa d
035 _aUPN01000163844
049 _aUNE
080 _a37 (620) =20 1992-94 REP.
245 0 0 _aDevelopment of education in Arab Republic of Egypt 1992/1993-93/1994.
260 _aCairo :
_bNational Centre for Educational Research and Development,
_c1994.
300 _a85 p. ;
_bretrs., fot.
500 _aInforme presentado en la 44a.; Reunión de la Conferencia Internacional de Educación, 1994 : Ginebra, Suiza
690 _aEducacion- egipto
710 2 _aEgipto. National Centre for Educational Research and Development
905 _aUNESCO
999 _c135957
_d135957